000
00332nam a2200145Ia 4500
003
LK-CoDNM
005
20240726145915.0
008
010623t xxu||||| |||| 00| 1 eng d
040
_a
LK-CoDNM
_d
LK-CoDNM
_e
LK-CoDNM
041
_a
eng
080
_a
14
_b
FF4
245
_a
East Indian Sculpture
300
_b
ill ; 25 cm
942
_c
BK
999
_c
134257
_d
134257